AS Roma - Top Presences by Foreign Players - Statistics

General Stats
  • This quiz has been taken 65 times
  • The average score is 10 of 14
Answer Stats
Presences Nationality Player % Correct
260 Bosnia Edin Dzeko
100%
185 Bosnia Miralem Pjanic
90%
203 Belgium Radja Nainggolan
86%
198 Germany Rudi Voller
86%
218 Brazil Cafu
82%
203 Montenegro Mirko Vucinic
82%
436 Brazil Aldair
80%
206 Greece Konstantinos Manolas
80%
207 Chile David Pizarro
76%
182 Argentina Abel Balbo
53%
296 Brazil Rodrigo Taddei
51%
173 Argentina Walter Samuel
49%
222 Brazil Mancini
39%
169 Argentina Federico Fazio
27%
No matching quizzes found
Score Distribution
Percent of People with Each Score
Percentile by Number Answered
Your Score History
You have not taken this quiz